000 nam a22 a 4500
999 _c426273
_d426273
003 BLK
005 20210802165621.0
008 210802b bu |||||r|||| 00| | bu d
040 _aBLK
041 _aRUS
_cRUS
080 _aАвстрийска литература
_b821.112(436)
_x-91
_z821.112(436)-91
100 _91299
_aАриосто, Лудовико
_eпърви автор
139 _aАриосто, Лудовико
245 _aНеистовый Роланд
_bПоэма в 46 песнях в пер. рус. писателей; : Содерж. поэмы Боярдо "Влюбленный Роланд". Текст 17 песен Ариосто и изложение содержания остальных, с приведением лучших отрывков. Объяснительные статьи.
_cЛюдовико Ариосто
260 _9217434
_aСанкт-Петербург
_bтипогр. Ивана Глазунова
_c1898
300 _a[2], VI, 303 с.
_b1 л. фронт., ил.
_c20 см
380 _aX
490 _9435080
_aКолекция Редки и ценни издания
490 _9435594
_aРусская классная библиотека
659 7 _9178164
_aЦ
_xРедки и ценни
852 _aРр 898
_bРц
942 _cKNG
_n0
_s1
944 _aCR
_c2021-08-02
_kА.М.
999 _d426273